| 000 | 02320nam0a2200337 4500 | ||
|---|---|---|---|
| 001 | RU\NLR\BIBL_A\022362241 | ||
| 005 | 20260420020326.0 | ||
| 010 |
_a978-5-600-03818-9 _9250 |
||
| 021 |
_aRU _bКН-П-24-053521 _9КН-П-24-5328 |
||
| 035 | _a(NLR Aleph) 022362241 | ||
| 090 |
_a13668249 _c13668249 |
||
| 100 | _a20241024d2023 u y0rusy50 ca | ||
| 101 | 0 | _arus | |
| 102 | _aRU | ||
| 105 | _aach z 000za | ||
| 181 | 0 |
_ai3 _bxxxe |
|
| 181 | 0 |
_ab2 _bxb2e |
|
| 182 | 0 | _an | |
| 200 | 1 |
_aМой труд – моя школа _eистория и теория инструментального искусства _e[сборник] _fТ. Ф. Подгорный _gсоставитель: Савва Гиршенко |
|
| 203 |
_aТекст _aИзображение _bвизуальные _cнепосредственные |
||
| 210 |
_aМосква _c[б. и.] _d2023 |
||
| 215 |
_a243 с. _cил., цв. ил., портр., факс. _d30 |
||
| 327 | 1 | _aСодерж. разд.: Мой труд – моя школа : автобиографические очерки ; История и теория : статьи и заметки об инструментальном искусстве ; Иллюстрации: Фотографии и документы ; Каталог инструментов. В кн. также ст.: Мастер скрипок : [о Т. Ф. Подгорном] ; Советские Страдивариусы : опыт одного обследования / В. Мессман | |
| 464 | 0 |
_12001#$aМастер скрипок$e[о Т. Ф. Подгорном]$aСоветские Страдивариусы$eопыт одного обследования$fВ. Мессман _1700#1$aМессман$bВ. Л.$f1898-1972$gВладимир Львович _tСоветские Страдивариусы _aМессман, Владимир Львович (1898-1972) |
|
| 600 | 1 |
_aПодгорный _bТ. Ф. _gТимофей Филиппович _f1873 - 1958 _2nlr_sh2 _3RU\NLR\AUTH\6601747538 |
|
| 686 | 1 | _aЩ310.715.54-3(2Р=Рус)7-8Подгорный я44 | |
| 700 | 1 |
_aПодгорный _bТ. Ф. _f1873-1958 _gТимофей Филиппович |
|
| 942 | _cBOOK | ||
| 980 | _aNB | ||